Central Library OPAC University of Rajshahi

Foundations of finance : (Record no. 2422)

MARC details
000 -LEADER
fixed length control field 00832pam a2200289 i 4500
001 - CONTROL NUMBER
control field 2422
003 - CONTROL NUMBER IDENTIFIER
rucl marc code BD-RjUL
005 - DATE AND TIME OF LATEST TRANSACTION
control field 20211208233540.0
008 - FIXED-LENGTH DATA ELEMENTS--GENERAL INFORMATION
fixed length control field 131211s1976 nyua b 001 0 eng
020 ## - INTERNATIONAL STANDARD BOOK NUMBER
International Standard Book Number 0465024998 :
035 ## - SYSTEM CONTROL NUMBER
System control number (BD-RjUL)2449
040 ## - CATALOGING SOURCE
Original cataloging agency DLC
Transcribing agency DLC
Modifying agency DLC
-- (BD-RjUL)
Language of cataloging eng
041 ## - LANGUAGE CODE
Language code of text/sound track or separate title eng
082 00 - DEWEY DECIMAL CLASSIFICATION NUMBER
Classification number 332.6
Author mark and year FAF
100 1# - MAIN ENTRY--PERSONAL NAME
Personal name Fama, Eugene F.,
Dates associated with a name 1939-
9 (RLIN) 7846
245 10 - TITLE STATEMENT
Title Foundations of finance :
Remainder of title portfolio decisions and securities prices /
Statement of responsibility, etc. Eugene F. Fama.
260 ## - PUBLICATION, DISTRIBUTION, ETC. (IMPRINT)
Place of publication, distribution, etc. New York :
Name of publisher, distributor, etc. Basic Books,
Date of publication, distribution, etc. c1976.
300 ## - PHYSICAL DESCRIPTION
Pagination xvii, 395 p. :
Illustrations ill. ;
Size 24 cm.
500 ## - GENERAL NOTE
General note Includes index.
504 ## - BIBLIOGRAPHY, ETC. NOTE
Bibliography, etc Bibliography: p. [383]-387.
650 #0 - SUBJECT ADDED ENTRY--TOPICAL TERM
Topical term or geographic name as entry element Investments.
9 (RLIN) 6605
Topical term or geographic name as entry element Securities.
9 (RLIN) 7847
Topical term or geographic name as entry element Stocks
General subdivision Prices.
9 (RLIN) 7848
942 ## - ADDED ENTRY ELEMENTS (KOHA)
Source of classification or shelving scheme Dewey Decimal Classification
Koha item type Books
Holdings
Lost status Source of classification or shelving scheme Damaged status Not for loan Collection code Permanent Location Current Location Shelving location Date acquired Source of acquisition Cost, normal purchase price Total Checkouts Full call number Date last seen Copy number Koha item type
  Dewey Decimal Classification     Non-fiction Central Library, University of Rajshahi Central Library, University of Rajshahi   24/05/1983 Heffer 17.50   332.6 FAF 1976 11/12/2013 C-2 Books